| 000 | 00500nam a22001817a 4500 | ||
|---|---|---|---|
| 003 | OSt | ||
| 005 | 20140311134815.0 | ||
| 008 | 130227t xxu||||| |||| 00| 0 eng d | ||
| 020 | _a9712330745 | ||
| 050 |
_aPL 5517 _b.C335 2001 |
||
| 082 |
_aFIL 808.0427 _bC335 2001 |
||
| 245 |
_aPagbasa at pagsulat sa iba't ibang disiplina _cCasanova, Arthur P. |
||
| 260 |
_aManila _bRex Book Store _cc2001 |
||
| 300 |
_axxi, 291 p. _bill. _c23 cm. |
||
| 942 |
_2lcc _cBK _kFIL |
||
| 999 |
_c35892 _d35892 |
||